00243nam a2200109Ia 4500008004100000100001900041245002300060260001300083650001300096942000700109999001700116190216s9999||||xx |||||||||||||| ||und|| aRafi Pothikara 0aCharithra Manangal bDc Books aLekhanam cBK c26024d26024